Ist die Hauptstadt die größte Stadt des Landes? - Sudden Death - Statistiken

Allgemein
  • Dieses Quiz wurde 209 mal gespielt
  • Das Durchschnittsergebnis liegt bei 9 aus 18
Answers on the Grid
Answers color-coded by a green-red scale on the quiz's grid according to % correct below.
Peru
China
Spanien
Kasachstan
Deutschland
USA
Japan
Iran
Frankreich
Pakistan
Finnland
Brasilien
Australien
Saudi Arabien
Algerien
Belize
Irak
Italien
Südafrika
Neuseeland
Mexiko
Ägypten
Chile
Nordkorea
Sri Lanka
Türkei
Kenia
Indonesien
Vietnam
Paraguay
 
Antwortstatistiken
Antwort % Korrekt
Deutschland
80%
Frankreich
70%
Spanien
68%
Japan
66%
Finnland
57%
Peru
56%
Mexiko
52%
Nordkorea
49%
Italien
48%
Ägypten
46%
Iran
42%
Algerien
41%
Irak
40%
Indonesien
37%
Chile
36%
Saudi Arabien
31%
Paraguay
26%
Kenia
25%
Keine übereinstimmenden Quizze gefunden
Verteilung der Resultate
Anzahl Personen mit jedem Resultat
Perzentil nach korrekt beantworteten Fragen
Ihre Resultats-Entwicklung
Sie haben dieses Quiz noch nicht gespielt